<The> Role of Trade Unions and Social Dialogue During the Crisis: the Case of Slovakia

Prístup odborových zväzov a sociálneho dialógu na národnej (tripartitnej) a sektorovej úrovni na Slovensku počas hospodárskej krízy a vplyv krízy na výsledky kolektívneho vyjednávania vyššieho stupňa kolektívnych zmlúv. Minimálna miera rastu miezd vo vybraných výrobných a nevýrobných odvetviach v po...

Descrizione completa

Salvato in:
Dettagli Bibliografici
Autore principale: Uhlerová, Monika
Natura: Capitolo di libro
Lingua:inglese
Soggetti:
Tags: Aggiungi Tag
Nessun Tag, puoi essere il primo ad aggiungerne!!

MARC

LEADER 00000naa a2200000 4500
001 0267973
005 20200828100648.6
041 0 |a eng 
044 |a SK 
245 1 0 |a <The> Role of Trade Unions and Social Dialogue During the Crisis: the Case of Slovakia  |c Monika Uhlerová 
520 |a Prístup odborových zväzov a sociálneho dialógu na národnej (tripartitnej) a sektorovej úrovni na Slovensku počas hospodárskej krízy a vplyv krízy na výsledky kolektívneho vyjednávania vyššieho stupňa kolektívnych zmlúv. Minimálna miera rastu miezd vo vybraných výrobných a nevýrobných odvetviach v porovnaní s vybranými makroekonomickými ukazovateľmi v čase krízy. Zapojenie sociálneho dialógu do prijímania opatrení a riešenia krízy a porovnávanie hospodárskej krízovej situácie v rokoch 2008 - 2009 a počas obnovy s krízou koronavíru (COVID-19). 
610 2 0 |a dialóg sociálny 
610 2 0 |a kríza hospodárska 
610 2 0 |a vírusy 
610 2 0 |a vyjednávanie kolektívne 
610 2 0 |a odbory 
100 1 |a Uhlerová, Monika